000 00521nam a2200181Ia 4500
008 240925s9999 xx 000 0 und d
020 _a9781284116458
082 _a005.8 KIM
100 _aKim, David
245 0 _aFundamentals of information systems security
250 _a3rd
260 _aMassachusetts:
_bJones and Bartlett Publisher
_c,2018.
300 _a636p.
_b0
_fOriginal
500 _aIncludes Index
600 _aComputer Science
650 _aComputer science, information & general works
942 _cBK
999 _c17974
_d17974